00656nam a2200181 a 450000100100000000500170001000800410002702000150006804000250008310000280010824500540013626000400019030000210023050000620025158600390031395201050035299900170045700004263520201002040305.0140203s2005 cu 000 0 spa d a9592511756 aDO-SdBNPbspacBNPHU1 aGarrido, Alberto94348613aEl muro de las lamentaciones. /cAlberto Garrido. aLas Tunas, Cuba, :bSanlope,c2005. a110 p. ;c19 cm. aIncluye datos biografícos del autor en la contraportada aPremio Casa de las Américas 1999 001050718MOaPDbPDcCTd2014-02-03iLF1l0o p42635-10r2020-06-25w2020-06-25y1ZNo se presta c42124d42124